Healthy partnerships (Record no. 115253)
[ view plain ]
| 000 -LEADER | |
|---|---|
| fixed length control field | 02156nam a2200349 a 4500 |
| 082 04 - DEWEY DECIMAL CLASSIFICATION NUMBER | |
| Classification number | 362.10967 |
| 245 00 - TITLE STATEMENT | |
| Title | Healthy partnerships |
| 260 ## - PUBLICATION, DISTRIBUTION, ETC. (IMPRINT) | |
| Place of publication | Washington, D.C. : |
| Name of publisher | World Bank, |
| Year of publication | c2011. |
| 300 ## - PHYSICAL DESCRIPTION | |
| Number of Pages | xix, 152 p. : |
| Other physical details | col. ill., col. maps. |
| 505 0# - FORMATTED CONTENTS NOTE | |
| Formatted contents note | Observation 1 : health systems in Africa are in urgent need of improvement -- Observation 2 : the private health sector in Africa is too large to be ignored, though it is only partly and often poorly integrated into the health system -- Observation 3 : a minimum level of engagement is an important part of the solution -- Results from the data collection -- A different type of engagement : how governments partner with faith-based organizations (FBOS) across the region -- Level of organization of the private health sector matters -- Translation of findings to country-level reform -- Engagement through health systems strengthening approach -- Key conclusions by domain -- Recommended actions by group -- Action plan for future research -- Tool kit for further guidance. |
| 650 #0 - SUBJECT ADDED ENTRY--TOPICAL TERM | |
| Topical Term | Medical policy |
| Topical Term | Medical policy |
| 856 40 - ELECTRONIC LOCATION AND ACCESS | |
| Uniform Resource Identifier | http://site.ebrary.com/lib/rucke/Doc?id=10476325 |
No items available.
